000 00727nam a2200229Ia 4500
003 GCL
008 140319s9999 xx 000 0 ara d
020 _a29060621
040 _aGCL /
_cGCL
082 0 4 _a709
_bم ف
245 1 0 _aالفن العربى المعاصر :
_bمجموعة متحف معهد العالم العربى
260 _a[S.N] :
_bمعهد العالم العربي
300 _a240 ص ؛
_c32 سم
490 _a
650 0 4 _aاللوحات الفنية
650 0 4 _aالفن العربى
650 0 4 _aالحفر على الورق
650 0 4 _aالنحت على الخشب
650 0 4 _aالصور الفوتوغرافية
650 0 4 _aالرسم على القماش
942 _2ddc
_cBK
999 _c38811
_d38811